SQL&PL/SQL programming / (Record no. 25052)
[ view plain ]
| 000 -LEADER | |
|---|---|
| fixed length control field | 00911nam a22002537a 4500 |
| 008 - FIXED-LENGTH DATA ELEMENTS--GENERAL INFORMATION | |
| fixed length control field | 090312t xxu||||| |||| 00| 0 eng d |
| 010 ## - LCCN (DPL NO) | |
| LC control number | ENG-93153 |
| 020 ## - INTERNATIONAL STANDARD BOOK NUMBER | |
| Terms of availability | 145.00 |
| 035 ## - SYSTEM CONTROL NUMBER | |
| System control number | EN-76686 |
| 037 ## - SOURCE OF ACQUISITION | |
| Source of stock number/acquisition | DBAD / PUB |
| 040 ## - CATALOGING SOURCE | |
| Original cataloging agency | dpl |
| Language of cataloging | English |
| 082 ## - DEWEY DECIMAL CLASSIFICATION NUMBER | |
| Classification number | 005.756 |
| 100 ## - MAIN ENTRY--PERSONAL NAME | |
| Personal name | Karthikeyan, K. |
| 245 ## - TITLE STATEMENT | |
| Title | SQL&PL/SQL programming / |
| Statement of responsibility, etc | by K. Karthikeyan |
| 260 ## - PUBLICATION, DISTRIBUTION, ETC. (IMPRINT) | |
| Place of publication, distribution, etc | Erode |
| Name of publisher, distributor, etc | Pallavi Pathippagam |
| Date of publication, distribution, etc | 2008 |
| 270 ## - ADDRESS | |
| Address | 194, Kanna Complex, Mettur Road, |
| City | Erode |
| Postal code | 11 |
| 300 ## - PHYSICAL DESCRIPTION | |
| Extent | 128p. |
| Dimensions | 21cm (pbk) |
| 500 ## - GENERAL NOTE | |
| General note | Same ISBN 9788190751872 in History of India |
| 650 ## - SUBJECT ADDED ENTRY--TOPICAL TERM | |
| Topical term or geographic name as entry element | SQL Server |
| 650 ## - SUBJECT ADDED ENTRY--TOPICAL TERM | |
| Topical term or geographic name as entry element | Relational databases |
| 650 ## - SUBJECT ADDED ENTRY--TOPICAL TERM | |
| Topical term or geographic name as entry element | SQL (Computer program language). |
| 942 ## - ADDED ENTRY ELEMENTS (KOHA) | |
| Source of classification or shelving scheme | Dewey Decimal Classification |
| Item type | English Books |
| Call number suffix | KAR |
| Classification part | 005.756 |
| Withdrawn status | Lost status | Source of classification or shelving scheme | Damaged status | Not for loan | Collection code | Home library | Current library | Date acquired | Source of acquisition | Cost, normal purchase price | Total Checkouts | Full call number | Barcode | Date last seen | Copy number | Cost, replacement price | Koha item type |
|---|---|---|---|---|---|---|---|---|---|---|---|---|---|---|---|---|---|
| Dewey Decimal Classification | Not For Loan | Non-fiction | D.B.Act.Division | D.B.Act.Division | 12/03/2009 | DBAD / PUB | 145.00 | 005.756 KAR | EN-76686 | 12/03/2009 | 1 | 145.00 | English Books |
